A püspöki palota története
Elmentve itt :
| Dokumentumtípus: | Cikk |
|---|---|
| Megjelent: |
2005-04-06
|
| Sorozat: | Délmagyarország
95 No. 79 |
| Kulcsszavak: | Könyvismertetés Szeged, Egyház püspöki palota Szeged-Csanádi egyházmegye |
| Online Access: | http://dmarchiv.bibl.u-szeged.hu/134475 |
| LEADER | 00465nab a2200145 i 4500 | ||
|---|---|---|---|
| 001 | delm134475 | ||
| 005 | 20191206155525.0 | ||
| 008 | 191206s2005 hu o 0|| hun d | ||
| 040 | |a SZTE Délmagyarország Archívum |b hun | ||
| 041 | |a hun | ||
| 245 | 0 | 2 | |a A püspöki palota története |h [elektronikus dokumentum] |
| 260 | |c 2005-04-06 | ||
| 300 | |a 6 | ||
| 490 | 0 | |a Délmagyarország |v 95 No. 79 | |
| 695 | |a Könyvismertetés Szeged, Egyház püspöki palota Szeged-Csanádi egyházmegye | ||